| 000 | 00472nam a22001817a 4500 | ||
|---|---|---|---|
| 003 | CEME | ||
| 005 | 20210628202524.0 | ||
| 008 | 210316b xxu||||| |||| 00| 0 eng d | ||
| 020 | _a81-85814-74-0 | ||
| 040 | _c. | ||
| 082 | _a658.404 LYE'E | ||
| 100 |
_aLyer, P.P _960317 |
||
| 245 | _aEngineering project management with case studies | ||
| 260 |
_aNEW DELHI _bWHEELER _c1996 |
||
| 300 | _a410P | ||
| 650 |
_aENGINEERING PROJECT MANAGEMENT _960318 |
||
| 942 |
_cBK _2ddc |
||
| 999 |
_c570073 _d570073 |
||